| Поле | Название | Значение |
| |
Тип записи |
a |
| |
Библиографический уровень |
m |
| 001 |
Контрольный номер |
RuMoRGB-006748168 |
| 005 |
Дата корректировки |
20201206204926.7 |
| 010 |
Индекс ISBN |
__ |
| a |
ISBN |
978-5-89814-969-7 (в пер.) |
| d |
Цена |
368-63 |
| 021 |
№ государственной регистрации |
__ |
| b |
№ документа |
14-10725 |
| 100 |
Данные общей обработки |
__ |
| a |
Данные общей обработки |
19140915d2014||||||| 0rusy0189 ca |
| 101 |
Язык документа |
0_ |
| a |
Язык текста |
rus |
| 102 |
Страна публикации |
__ |
| a |
Страна публикации |
ru| |
| 105 |
Кодированные данные (монография) |
__ |
| a |
Кодированные данные (монография) |
#|||#|||000zy |
| 200 |
Заглавие и сведения об ответственности |
1_ |
| a |
Заглавие |
Сценарии праздников, развлечений и музыкальных занятий для детского сада |
| f |
Первые сведения об ответственности |
О. В. Ткачева |
| b |
Общее обозначение материала |
Текст |
| 210 |
Выходные данные |
__ |
| a |
Место издания |
Санкт-Петербург |
| c |
Издательство |
Детство-Пресс |
| d |
Дата издания |
2014 |
| 215 |
Физическое описание |
__ |
| a |
Объем |
169, [2] с. |
| d |
Формат |
21 см |
| 300 |
Общие примечания |
__ |
| a |
Общие примечания |
13000 экз. |
| 320 |
Библиография |
__ |
| a |
Библиография |
Библиогр.: с. 169-170 |
| 330 |
Аннотация |
__ |
| a |
Аннотация |
В книге представлены готовые сценарии праздников и развлечений различной тематики и направленности. В сборник включены несколько вариантов осенних и весенних праздников, новогодних елок, утренников к 8 Марта для разных возрастных групп. Также в книге можно найти оригинальные сценарии для знакомства детей с русским народным фольклором и основами нотной грамоты. Для воспитателей ДОУ и музыкальных руководителей. |
| 606 |
Тематические рубрики |
__ |
| a |
Основная рубрика |
Образование. Педагогика |
| 606 |
Тематические рубрики |
__ |
| a |
Основная рубрика |
Дошкольная педагогика |
| 610 |
Ключевые слова |
__ |
| a |
Ключевые слова |
1 апреля |
| 610 |
Ключевые слова |
__ |
| a |
Ключевые слова |
8 Марта |
| 610 |
Ключевые слова |
__ |
| a |
Ключевые слова |
весенние праздники |
| 610 |
Ключевые слова |
__ |
| a |
Ключевые слова |
День Знаний |
| 610 |
Ключевые слова |
__ |
| a |
Ключевые слова |
День смеха |
| 610 |
Ключевые слова |
__ |
| a |
Ключевые слова |
дети |
| 610 |
Ключевые слова |
__ |
| a |
Ключевые слова |
детские праздники |
| 610 |
Ключевые слова |
__ |
| a |
Ключевые слова |
детские сады |
| 610 |
Ключевые слова |
__ |
| a |
Ключевые слова |
детские сценарии |
| 610 |
Ключевые слова |
__ |
| a |
Ключевые слова |
дошкольники |
| 610 |
Ключевые слова |
__ |
| a |
Ключевые слова |
дошкольное воспитание |
| 610 |
Ключевые слова |
__ |
| a |
Ключевые слова |
летние праздники |
| 610 |
Ключевые слова |
__ |
| a |
Ключевые слова |
Масленица |
| 610 |
Ключевые слова |
__ |
| a |
Ключевые слова |
Международный женский день |
| 610 |
Ключевые слова |
__ |
| a |
Ключевые слова |
младший возраст |
| 610 |
Ключевые слова |
__ |
| a |
Ключевые слова |
музыкальные занятия |
| 610 |
Ключевые слова |
__ |
| a |
Ключевые слова |
музыкальные развлечения |
| 610 |
Ключевые слова |
__ |
| a |
Ключевые слова |
новогодние праздники |
| 610 |
Ключевые слова |
__ |
| a |
Ключевые слова |
новогодние утренники |
| 610 |
Ключевые слова |
__ |
| a |
Ключевые слова |
Новый год |
| 610 |
Ключевые слова |
__ |
| a |
Ключевые слова |
нотная грамота |
| 610 |
Ключевые слова |
__ |
| a |
Ключевые слова |
обучение музыке |
| 610 |
Ключевые слова |
__ |
| a |
Ключевые слова |
осенние праздники |
| 610 |
Ключевые слова |
__ |
| a |
Ключевые слова |
праздник осени |
| 610 |
Ключевые слова |
__ |
| a |
Ключевые слова |
праздники |
| 610 |
Ключевые слова |
__ |
| a |
Ключевые слова |
праздничные сценарии |
| 610 |
Ключевые слова |
__ |
| a |
Ключевые слова |
русский фольклор |
| 610 |
Ключевые слова |
__ |
| a |
Ключевые слова |
сценарии |
| 610 |
Ключевые слова |
__ |
| a |
Ключевые слова |
утренники |
| 610 |
Ключевые слова |
__ |
| a |
Ключевые слова |
фольклор |
| 686 |
Индексы других классификаций |
__ |
| 2 |
Код системы |
rubbks |
| a |
Классификационный индекс |
74.100.58; В74.1 |
| 700 |
Автор |
_1 |
| a |
Фамилия |
Ткачева |
| b |
Имя |
О. В. |
| g |
Полное личное имя |
Ольга Валентиновна |
| 4 |
Код отношения |
070 |
| 801 |
Источник записи |
_0 |
| a |
Страна |
ru |
| b |
Организация |
Муниципальное бюджетное учреждение культуры "Централизованная библиотечная система" г. Сургут (Центральная городская библиотека им. А. С. Пушкина) |
| c |
Дата составления |
20140915 |
| g |
Правила каталогизации |
КиК/Лукашук |
| 801 |
Источник записи |
_1 |
| a |
Страна |
ru |
| b |
Организация |
Муниципальное бюджетное учреждение культуры "Централизованная библиотечная система" г. Сургут (Центральная городская библиотека им. А. С. Пушкина) |
| c |
Дата составления |
20140915 |
| g |
Правила каталогизации |
КиК/Лукашук |
| 852 |
Данные о местонахождении |
__ |
| j |
Шифр хранения |
74.100.58 |
| i |
Авторский знак |
Т 48 |
| 901 |
Тип документа |
1_ |
| t |
Тип документа |
m |
| 903 |
Характеристики (МАРС) |
__ |
| a |
Дата передачи |
20140915 |
| 990 |
Данные о заказе (DOS) |
__ |
| j |
Количество экземпляров (DOS) |
9 |
| t |
N записи в КСУ для И/У (DOS) |
201409 |